Datum a čas kvízu
34.5
Celkem bodů
Celkový počet nahraných bodů na tomto kvízu bez doplňovacích otázek.
3.
Pořadí na kvízu
Konečné umístění týmu na tomto kvízu.
Zaznamenané odpovědi
| # | Otázka | Odpověď | Body | Výsledky |
|---|---|---|---|---|
| 1. | V jedné z nejstarších leteckýc... | Aero Vodochody | 1 | |
| 2. | Dvaasedmdesátiletou pacientku... | v Německu | 1 | |
| 3. | Jak to dopadne, když se bohové... | Největší dar | 0 | |
| 4. | V úterý ráno detektivové z Nár... | Xixoio | 1 | |
| 5. | Jeden z favoritů mistrovství s... | Japonsko | 1 | |
| 6. | V tomto tématu se podíváme na... | 1D 2A 3B 4C | 0 | |
| 7. | V následujících slovech se na... | 1B 2A 3D 4C | 1 | |
| 8. | Podívejme se teď na místní jmé... | C | 0 | |
| 9. | V následující větě doplňte spr... | U a U | 0 | |
| 10. | Na závěr se podíváme na několi... | B | 1 |